Steely Dan Lyrics Quiz #1 - Statistics

General Stats
  • This quiz has been taken 410 times
  • The average score is 6 of 12
Answer Stats
Hint Answer % Correct
The things that pass for knowledge I can't understand Reelin' In The Years
91%
Done up in blueprint blue it sure looks good on you Peg
74%
Send it off in a letter to yourself Rikki Don't Lose That Number
72%
I was smoking with the boys upstairs when I heard about the whole affair My Old School
67%
She don't remember The Queen of Soul Hey Nineteen
62%
They got the Steely Dan T-shirt Show Biz Kids
50%
I never seen you looking so bad my funky one Any Major Dude Will Tell You
48%
Tonight when I chase the dragon the water will change to cherry wine Time Out Of Mind
40%
With nothing to do but feed all the kangaroos Black Friday
38%
I pretended to be readin' the National Probe as I was watchin' her wax her skis Cousin Dupree
26%
She drinks the zombie from the cocoa shell Hatian Divorce
20%
You whip a knife from the top of your go-go boot Pixeleen
13%
No matching quizzes found
Score Distribution
Percent of People with Each Score
Percentile by Number Answered
Your Score History
You have not taken this quiz